Softvér umožňuje efektívne kopírovať kvalitu

Digitálne nástroje umožňujú podnikom vyhovieť zákazníkom a skrátiť prechod na modifikovaný alebo nový výrobok od dizajnu cez vývoj až po nastavenie strojov a školenie ľudí.

Saved in:
Bibliographic Details
Main Author: Janková, Nikoleta
Format: Book Chapter
Language:Slovak
Subjects:
Tags: Add Tag
No Tags, Be the first to tag this record!

MARC

LEADER 00000naa a2200000 4500
001 0248638
005 20181107073159.1
041 0 |a slo 
044 |a SK 
245 1 0 |a Softvér umožňuje efektívne kopírovať kvalitu  |c Nikoleta Janková 
520 |a Digitálne nástroje umožňujú podnikom vyhovieť zákazníkom a skrátiť prechod na modifikovaný alebo nový výrobok od dizajnu cez vývoj až po nastavenie strojov a školenie ľudí. 
610 2 0 |a softvér 
610 2 0 |a digitalizácia 
610 2 0 |a dizajn 
610 2 0 |a technológie informačné 
610 2 0 |a technológie komunikačné 
610 2 0 |a technológie nové 
610 2 0 |a kvalita 
100 1 |a Janková, Nikoleta